Les saints canonisés de 2022 à 2024 - Statistiques

Statistiques générales
  • Ce quiz a été pris 4 fois
  • Le résultat moyen est 6 sur 15
Statistiques - réponses
Hint Réponse % Correct
Marie Rivier (1768-1838) Fondatrice des Soeurs de la Présentation de Marie
100%
Titus Brandsma (14881-1942) Carme néerlandais
67%
César de Bus (1544-1607) Fondateur des prêtres de la doctrine chrétienne
67%
Emmanuel Ruiz (1804-1860) Missionnaire franciscain
67%
Maria Antonia de Paz y Figueroa (1730-1799) Religieuse argentine
67%
Marie Françoise Rubatto (1844-1904) Religieuse italienne
67%
Justin Russolillo (1891-1955) Curé à Naples
33%
Jean-Baptiste Salabrini (1839-1905) Evêque italien
33%
Joseph Allamano (1851-1926) Fondateur des Missionnaires de la Consolata et des Sœurs missionnaires de la Consolata
33%
Artémide Zatti (1880-1951) Laïc italien
33%
Devasahayam Pillai (1712-1792) Martyr indien
33%
Charles de Foucauld (1858-1916) Prêtre français
33%
Maria Domenica Mantovani (1862-1934) Cofondatrice des soeurs de la Ste Famille
0%
Caroline Santocanale (1852-1923) Fondatrice des Capucines de l'Immaculée de Lourdes
0%
Louis Marie Palazzolo (1826-1887) Prêtre italien
0%
Aucun quiz correspondant
Distribution des résultats
% des personnes avec chaque résultat
Percentile par nombre de réponses
Votre historique - résultats
Vous n’avez pas pris ce quiz